Учебно-методическое пособие для студентов гуманитарного факультета по специальности «Реклама и связи с общественностью» - Public Relations. Специализация: «Реклама и связи с общественностью в отрасли (транспорт) (РЕК)». Часть II Ч. 2 Учебно-методическое пособие для студентов гуманитарного факультета по специальности «Реклама и связи с общественностью» - Public Relations. Специализация: «Реклама и связи с общественностью в отрасли (транспорт) (РЕК)». Часть II
Предназначено для работы студентов очного факультета. Предлагаемое пособие издается в соответствии с программой курса «Профессионально-ориентированный английский язык», которое ставит своей целью усвоение и закрепление профессиональной лексики, развитие навыков чтения и понимания аутентичных материа...
Gespeichert in:
| Format: | Книга |
|---|---|
| Sprache: | Russian |
| Veröffentlicht: |
Санкт-Петербург
СПБГУ ГА им. А.А. Новикова
2016
|
| Online Zugang: | https://e.lanbook.com/book/145532 https://e.lanbook.com/img/cover/book/145532.jpg |
| Tags: |
Tag hinzufügen
Keine Tags, Fügen Sie den ersten Tag hinzu!
|
| LEADER | 02616nam0a2200241 i 4500 | ||
|---|---|---|---|
| 001 | 145532 | ||
| 003 | RuSpLAN | ||
| 005 | 20221220174053.0 | ||
| 008 | 221220s2016 ru gs 000 0 rus | ||
| 020 | |a 978-5-4334-0269-0 | ||
| 040 | |a RuSpLAN | ||
| 041 | 0 | |a rus | |
| 044 | |a ru | ||
| 080 | |a 821.161.1 | ||
| 245 | 1 | |a Учебно-методическое пособие для студентов гуманитарного факультета по специальности «Реклама и связи с общественностью» - Public Relations. Специализация: «Реклама и связи с общественностью в отрасли (транспорт) (РЕК)». Часть II |n Ч. 2 |p Учебно-методическое пособие для студентов гуманитарного факультета по специальности «Реклама и связи с общественностью» - Public Relations. Специализация: «Реклама и связи с общественностью в отрасли (транспорт) (РЕК)». Часть II | |
| 260 | |a Санкт-Петербург |b СПБГУ ГА им. А.А. Новикова |c 2016 | ||
| 300 | |a 113 с. | ||
| 504 | |a Библиогр.: доступна в карточке книги, на сайте ЭБС Лань | ||
| 520 | 8 | |a Предназначено для работы студентов очного факультета. Предлагаемое пособие издается в соответствии с программой курса «Профессионально-ориентированный английский язык», которое ставит своей целью усвоение и закрепление профессиональной лексики, развитие навыков чтения и понимания аутентичных материалов, а так же развитие коммуникативных навыков в ситуациях профессионального общения для профессионального уровня. Часть II включает тексты по темам специальности 031600 - «Реклама и связи с общественностью». | |
| 521 | 8 | |a Книга из коллекции СПБГУ ГА им. А.А. Новикова - Экономика и менеджмент | |
| 856 | 4 | |u https://e.lanbook.com/book/145532 | |
| 856 | 4 | 8 | |u https://e.lanbook.com/img/cover/book/145532.jpg |
| 953 | |a https://e.lanbook.com/img/cover/book/145532.jpg | ||